Southville International School and Colleges
Your cart is empty.
  • Cart
  • Lists
    Public lists Eva Luna New books Lux_list list_1
    Your lists Log in to create your own lists
  • Log in to your account
  • Your cookies
  • Search history
Southville International School and Colleges
  • Advanced search
  • Recent comments
  • Most popular
  • Libraries

Log in to your account

Log in with GOOGLE


If you do not have an external account, but do have a local account, you can still log in:

  1. Home
  2. MARC view: Spelling in the content area /
Normal view MARC view ISBD view

Spelling in the content area / (Record no. 112869)

[ view plain ]
MARC details
000 -LEADER
fixed length control field 00493nam a2200169 a 4500
001 - CONTROL NUMBER
control field 2232
005 - DATE AND TIME OF LATEST TRANSACTION
control field 20140414131954.0
008 - FIXED-LENGTH DATA ELEMENTS--GENERAL INFORMATION
fixed length control field 001115s19uu xx 00 eng d
020 ## - INTERNATIONAL STANDARD BOOK NUMBER
International Standard Book Number 0-676-35898-5
050 ## - LIBRARY OF CONGRESS CALL NUMBER
Classification number TR 421.07
Item number V55 1989
100 ## - MAIN ENTRY--PERSONAL NAME
Personal name Venezky, Richard L.
245 ## - TITLE STATEMENT
Title Spelling in the content area /
Statement of responsibility, etc Richard L. Venezky.
260 ## - PUBLICATION, DISTRIBUTION, ETC. (IMPRINT)
Place of publication, distribution, etc [s.l.] :
Name of publisher, distributor, etc Random House,
Date of publication, distribution, etc 1989.
300 ## - PHYSICAL DESCRIPTION
Extent 128 p. ; cm.
650 ## - SUBJECT ADDED ENTRY--TOPICAL TERM
Topical term or geographic name as entry element English language -- spelling -- study and teaching.
Holdings
Withdrawn status Lost status Damaged status Home library Current library Shelving location Date acquired Source of acquisition Total Checkouts Full call number Barcode Date last seen Price effective from Koha item type
      Munich Library Munich Library Teachers Reference Section 05/26/2005     TR 421.07 V55 1989 M4277 04/14/2014 04/14/2014 Books

Spelling in the content area /

APA

Venezky R. L., . (1989). Spelling in the content area. [s.l.]: Random House.

Chicago

Venezky Richard L, . 1989. Spelling in the content area. [s.l.]: Random House.

Harvard

Venezky R. L., . (1989). Spelling in the content area. [s.l.]: Random House.

MLA

Venezky Richard L, . Spelling in the content area. [s.l.]: Random House. 1989.

  • Place hold
  • Print
  • Cite
  • Add to your cart (remove)
  • Save record
    BIBTEX Dublin Core MARCXML MARC (non-Unicode/MARC-8) MARC (Unicode/UTF-8) MARC (Unicode/UTF-8, Standard) MODS (XML) RIS
  • More searches
    Search for this title in:
    Other Libraries (WorldCat) Other Databases (Google Scholar) Online Stores (Bookfinder.com) Open Library (openlibrary.org)

Exporting to Dublin Core...

SOUTHVILLE LIBRARY

Southville International School and Colleges Library

1281 Tropical Ave. Cor. Luxembourg St., BF Homes International, Las Pinas City

Tel. No. 8256374 / 252358 Loc. 117/146

Powered by Koha